Využitie SBSE-GC-TOF-MS pre analýzu organických zlúčenín v tokajských výberových vínach bakalárska práca

Enregistré dans:
Détails bibliographiques
Auteur principal: Garančovská, Dominika
Format: Livre
Langue:slovaque
Publié: Bratislava STU FCHPT 2019
Accès en ligne:Voir à l'OPAC
Tags: Ajouter un tag
Pas de tags, Soyez le premier à ajouter un tag!

MARC

LEADER 00000nam a2200000 a 4500
005 20260127134125.0
008 190723 2019 xo a 001 0 slo d
035 |a vtls011878456 
039 9 |y 201907231057  |z mschk03 
040 |a STUSCHK1  |b slo  |c STUSCHK1  |e AACR2 
100 1 |a Garančovská, Dominika 
245 1 |a Využitie SBSE-GC-TOF-MS pre analýzu organických zlúčenín v tokajských výberových vínach  |b bakalárska práca  |c Dominika Garančovská 
260 |a Bratislava  |b STU FCHPT  |c 2019 
300 |a 54 s.  |b Obr., tab.  |c 25 cm 
500 |a Študijný program: chémia, medicínska chémi a chemické materiály 
500 |a Študijný odbor: chémia, chemické technológie 
500 |a Školiace pracovisko: Ústav analytickej chémie 
500 |a Evid. číslo: FCHPT-13569-86696 
910 |a SCHK95 
999 |c 4617  |d 4617